banner koha

Determinacao de mercurio por diluicao isotopica subestequiometrica [Poluicao ambiental; Toxicologia animal; Toxicologia vegetal; Brasil] (Registro n. 21784)

MARC details
000 -LÍDER
campo de controle de tamanho fixo 01156nam a22003137a 4500
001 - NÚMERO DE CONTROLE
campo de controle BR7600833
003 - IDENTIFICADOR DO NÚMERO DE CONTROLE
campo de controle BR-BrBNA
005 - DATA E HORÁRIO DA ÚLTIMA TRANSAÇÃO
campo de controle 20230928084914.0
007 - CAMPO FIXO DE DESCRIÇÃO FÍSICA--INFORMAÇÃO GERAL
campo de controle de tamanho fixo ta
008 - CAMPO DE DADOS FIXOS--INFORMAÇÃO GERAL
campo de controle de tamanho fixo 230509b bl.||||| |||| 00| 0 por d
040 ## - FONTE DA CATALOGAÇÃO
Instituição da catalogação original BR-BrBNA
Idioma da catalogação por
Instituição que transcreveu o registro Biblioteca Nacional de Agricultura
041 ## - CÓDIGO DE IDIOMA
Código do idioma do texto/trilha sonora ou título diferente (Por)
072 ## - CÓDIGO DE CATEGORIA DE ASSUNTO
Código de Categoria de Assunto T00; Q20
Código do objeto 9000
-- /G514
090 ## - NÚMERO DE CHAMADA LOCAL
-- 9000 BR7600833
100 1# - ENTRADA PRINCIPAL--NOME PESSOAL
Nome pessoal Krug, F.J.
110 1# - ENTRADA PRINCIPAL--NOME CORPORATIVO
Nome corporativo ou nome da jurisdição Escola Superior de Agricultura Luiz de Queiroz, Piracicaba, SP (Brasil)
Grau Universitário Dissertacao (Mestre)
245 1# - TÍTULO
Título Determinacao de mercurio por diluicao isotopica subestequiometrica [Poluicao ambiental; Toxicologia animal; Toxicologia vegetal; Brasil]
260 3# - PUBLICAÇÃO, DISTRIBUIÇÃO, ETC.
Local de publicação, distribuição, etc. Piracicaba, SP (Brasil):
Data da publicação, distribuição, etc. 1975.
300 ## - DESCRIÇÃO FÍSICA
Extensão 150 p.
500 ## - NOTA GERAL
Nota geral 26 illus.; 14 tables; Bibliography p. 134-150 (102 ref.); Summaries (Eng, Por). (*) Documento disponível na(o) Escola Superior de Agricultura Luiz de Queiroz, Piracicaba, SP (Brazil)
650 ## - ASSUNTO--TERMO TÓPICO
Cabeçalho tópico ou nome geográfico Poluicao ambiental
650 ## - ASSUNTO--TERMO TÓPICO
Cabeçalho tópico ou nome geográfico Toxicologia de alimento
650 ## - ASSUNTO--TERMO TÓPICO
Cabeçalho tópico ou nome geográfico Alimento
650 ## - ASSUNTO--TERMO TÓPICO
Cabeçalho tópico ou nome geográfico Agua
650 ## - ASSUNTO--TERMO TÓPICO
Cabeçalho tópico ou nome geográfico Mercurio
650 ## - ASSUNTO--TERMO TÓPICO
Cabeçalho tópico ou nome geográfico Diluicao isotopica
909 ## -
-- 202309
-- Lucia
-- 55
-- Lucia Elande
942 ## - ELEMENTOS DE ENTRADA ADICIONADOS (KOHA)
Tipo de material Koha Livros
Exemplares
Situação do descarte Fonte da classificação ou esquema de arquivamento na estante Situação física Não pode ser emprestado Biblioteca de origem Biblioteca atual Total de empréstimos Data de último acesso Número do exemplar Tipo de material Koha Nota pública Situação das perdas Data de aquisição Fonte de aquisição Qualificador de local codificado Custo, preço normal de compra Número do inventário Custo, preço de reposição Preço efetivo de
  Classificação AGRIS   INDISPONÍVEL Centro Cooperante Centro Cooperante   25/09/2023 01 Livros 26 illus.; 14 tables; Bibliography p. 134-150 (102 ref.); Summaries (Eng, Por). (*) Documento disponível na(o) Escola Superior de Agricultura Luiz de Queiroz, Piracicaba, SP (Brazil) Em falta              

BINAGRI

Telefone: (61)3218-2567/2388/3357/2097 - binagri@agro.gov.br

Ministério da Agricultura e Pecuária , Esplanada dos Ministérios, Bloco D, Anexo B, Brasília/DF, CEP: 70.043-900